[Event "Bazna Kings 3rd"]
[Site "Bazna"]
[Date "2009.06.21"]
[Round "7"]
[White "Nisipeanu, Liviu Dieter"]
[Black "Gelfand, Boris"]
[Result "1/2-1/2"]
[WhiteElo "2675"]
[BlackElo "2733"]
[Annotator "CB"]
[PlyCount "148"]
[EventDate "2009.06.14"]
[EventType "tourn"]
[EventRounds "10"]
[EventCountry "ROU"]
[EventCategory "20"]
[SourceTitle "CBM 131"]
[Source "ChessBase"]
[SourceDate "2009.07.15"]
[SourceVersion "1"]
[SourceVersionDate "2009.07.15"]
[SourceQuality "1"]

1. e4 e5 2. Nf3 Nf6 3. Nxe5 d6 4. Nf3 Nxe4 5. d4 d5 6. Bd3 Nc6 7. O-O Be7 8.
Re1 ({The main theory starts with} 8. c4 {but the move made by Nisipeanu is
quite popular as well.}) 8... Bg4 9. c3 f5 {#} 10. c4 {But this is a rare
continuation. White uses the fact that with his last move Black weakened the
diagonal a2-g8.} ({Gelfand has vast experience against} 10. Qb3 {For instance:}
O-O 11. Nbd2 Na5 12. Qc2 (12. Qa4 Nc6 13. Bb5 Bh4 14. g3 Bf6 15. Bxc6 bxc6 16.
Qxc6 Rb8 17. c4 f4 {with strong compensation for the pawn, Cheparinov,I (2687)
-Gelfand,B (2720)/Sochi 2008 (41)}) 12... Bd6 13. b4 Bxf3 14. Nxf3 Nc4 15. Bxc4
dxc4 16. Be3 Re8 17. Rad1 Qf6 {and Black achieved a draw later on in Anand,V 
(2774)-Gelfand,B (2714)/Moscow 2004.}) 10... dxc4 11. Bxc4 Qd6 12. Nc3 O-O-O
13. Nxe4 fxe4 14. Rxe4 Qg6 {#} 15. Bd3 {The prepared novelty. In the game
Kholmov-Mikhalchishin, Minsk 1985 White made a weaker move 15.Rf4 and lost.}
Nxd4 ({There are little doubts that Nisipeanu analyzed very well the most
obvious reply} 15... Bf5) 16. Rxd4 Rxd4 17. Nxd4 Bxd1 18. Bxg6 hxg6 19. Bf4 Bg4
20. Nb5 c6 21. h3 ({In case of} 21. Nxa7+ Kd7 {the knight remains stuck on a7.}
) 21... Be6 22. Nd6+ ({Again} 22. Nxa7+ Kd7 23. Rd1+ Ke8 {can bring problems
only to White} (23... Bd5 $2 24. Nb5)) 22... Bxd6 ({Gelfand considered for a
while} 22... Kd7 23. Nxb7 Rh5 24. Rd1+ Rd5 25. Rxd5+ Bxd5 26. b3 {but decided
that the game continuation is safer.}) 23. Bxd6 Kd7 24. Be5 Rg8 25. b4 Ke7 26.
a4 Kf7 27. Bd4 a6 28. a5 Rd8 29. Bb6 Re8 {# White is basically a pawn up 
(Black's pawn majority on the queenside does not count). Besides, Black has a
weak pawn on g7. Gelfand admitted that the position is quite unpleasant for
Black, but that it should be a draw.} 30. f3 Bd5 31. Kf2 Bc4 32. Rd1 Bd5 33.
Be3 Re5 34. Rd4 Rf5 35. Ke2 Re5 36. Kf2 Rf5 37. Rd2 Re5 38. Bd4 Re8 39. Bc3 Re7
40. Rd4 Rd7 41. Rf4+ Kg8 42. Rg4 Kh7 43. Rg5 Bf7 44. Re5 Kg8 45. Kg3 Rd3 46.
Be1 Rd6 47. Bf2 Re6 48. Rg5 Rd6 49. Rg4 Rd7 50. Re4 {# Gelfand said after the
game that he was happy to find this set-up for Black. In spite of its
passivity, black pieces control all squares where the opponent rook could
eventually penetrate into Black's position. White cannot break through.} Kh7
51. Bc5 Kg8 52. h4 Kh7 53. Kf4 Kg8 54. Re5 Kh7 55. Ke3 Kg8 56. f4 Rd8 57. g3
Re8 58. Kd4 Rxe5 59. fxe5 Bd5 60. Bd6 Kf7 61. Kc5 Ke6 62. Kb6 c5 {The last
important step of Black's defense. Now the draw become obvious.} 63. bxc5 Bf3
64. Kc7 Be4 65. Kd8 Bc6 66. Bb8 Ba4 67. g4 Bc6 68. Bd6 Bf3 69. Kc7 Bc6 70. Kc8
Bf3 71. g5 Bc6 72. Kd8 Ba4 73. Bf8 Kxe5 74. Ke7 Bd1 1/2-1/2

[Event "Buenos Aires"]
[Site "Buenos Aires"]
[Date "1980.??.??"]
[Round "?"]
[White "Karpov, Anatoly"]
[Black "Panno, Oscar"]
[Result "1-0"]
[WhiteElo "2725"]
[BlackElo "2540"]
[Annotator "Chekhov,V"]
[PlyCount "115"]
[EventDate "1980.10.15"]
[EventType "tourn"]
[EventRounds "13"]
[EventCountry "ARG"]
[EventCategory "13"]
[SourceTitle "MCL"]
[Source "ChessBase"]
[SourceDate "1999.07.01"]
[SourceVersion "1"]
[SourceVersionDate "1999.07.01"]
[SourceQuality "1"]

1. e4 e5 2. Nf3 Nf6 3. Nxe5 d6 4. Nf3 Nxe4 5. d4 Be7 6. Bd3 d5 7. O-O Bf5 (7...
O-O $5) 8. c4 $5 (8. Re1 $5) 8... dxc4 9. Bxc4 Nd7 10. Re1 O-O 11. Bd5 (11. Nc3
Nxc3 12. bxc3 $14) 11... Nd6 12. Nc3 Re8 13. Ne5 $14 Nb6 (13... Nf6 $6 14. Bb3
h6 (14... Bf8 15. Bg5) 15. Qf3) 14. Bb3 Bf6 15. Bf4 (15. Qf3 Be6 16. d5 $140
Bxd5) 15... Be6 16. d5 Bf5 17. Qf3 Bg6 18. Re2 Nd7 (18... Bxe5 19. Bxe5 Nbc4
20. Bd4) 19. Nxg6 Rxe2 20. Qxe2 hxg6 21. Bc2 $5 (21. Re1 $5 Qf8 {/\Re8/}) 21...
Nb6 22. Rd1 Qd7 23. h3 Re8 24. Qd3 a6 (24... Nbc4 $5 25. Bc1 Qf5 26. Qxf5 gxf5
27. Kf1 $14) 25. Bc1 Qf5 26. Qxf5 gxf5 27. Kf1 g6 $6 (27... Nbc4 $1) 28. Ne2 $1
Rd8 29. g4 $1 fxg4 30. hxg4 Ndc4 $6 (30... Ndc8 $5 31. g5 Bg7 32. Be4) 31. b3
Ne5 32. g5 Bg7 33. Be4 Nc8 34. f4 Nd7 35. Bf3 Nd6 36. Be3 (36. Ba3 Bf8 37. Rc1
Ne8) 36... Nf5 37. Bf2 Bf8 38. Be4 Nd6 39. Bf3 Bg7 $6 (39... Nf5) 40. Rc1 Ne8
41. Ng3 f5 42. Ne2 $1 Kf7 (42... Nb6 43. d6 $1) 43. Nd4 Bxd4 44. Bxd4 $16 Nb6
45. d6 $1 Rxd6 46. Be5 c6 (46... Rd2 47. Bxb7 Rxa2 48. Bxc7) 47. Bxd6 Nxd6 48.
Kf2 (48. Bxc6 $5 bxc6 49. Rxc6 Nbc8 50. Rxa6 $18) 48... Nd7 49. Ke3 a5 50. Be2
Ke7 51. Bc4 Ne4 52. Rh1 Nf8 53. a4 Nd6 54. Kd4 $18 b6 55. Rh8 Ne8 56. Rg8 Nc7
57. Rg7+ Kd6 58. Ke3 {/\Bf7/} 1-0

[Event "Vilnius zt"]
[Site "Vilnius"]
[Date "1993.??.??"]
[Round "?"]
[White "Lanka, Zigurds"]
[Black "Lauk, Ular"]
[Result "1-0"]
[WhiteElo "2545"]
[BlackElo "2410"]
[Annotator "Chekhov,V"]
[PlyCount "85"]
[EventDate "1993.03.??"]
[EventType "tourn"]
[EventRounds "13"]
[EventCountry "LTU"]
[EventCategory "8"]
[SourceTitle "CBM 035"]
[Source "ChessBase"]
[SourceDate "1993.08.01"]
[SourceVersion "1"]
[SourceVersionDate "1993.08.01"]
[SourceQuality "1"]

1. e4 e5 2. Nf3 Nf6 3. Nxe5 d6 4. Nf3 Nxe4 5. d4 d5 6. Bd3 Bd6 7. O-O O-O 8.
Re1 (8. c4 c6 9. Re1) 8... Bf5 (8... Re8) 9. c4 c6 10. Qc2 (10. Qb3 Qd7 (10...
Na6 11. Nc3 dxc4 $5 {Serper-Akopian/Adelaide/1988/} 12. Qxc4 $1 Be6 13. Qa4
Nac5 14. dxc5 Nxc5 15. Bxh7+ Kxh7 16. Qc2+ Kg8 17. Ng5 $16 {Serper})) (10. Nc3
Nxc3 11. bxc3 Bxd3 12. Qxd3 dxc4 13. Qxc4 Nd7 14. Bg5 Nb6 15. Qb3 $14 {De
Firmian-Wolff/Philadelphia/1987/}) 10... Na6 11. a3 Bg6 12. c5 Bc7 13. Nc3 f5
$5 $146 (13... Re8 $6 14. b4 Qf6 15. Nxe4 dxe4 16. Bxe4 Rxe4 17. Rxe4 Qf5 18.
Nd2 Qh5 19. Nf1 Qd5 20. f3 Bxe4 21. Qxe4 $16 {Yudasin-Rozentalis/Lvov/1990/})
14. b4 Bh5 15. Ne5 Bxe5 16. dxe5 Nc7 17. f3 Qh4 (17... Nxc3 18. Qxc3 Ne6 19.
Qc2 g6 20. Be3 f4 21. Bf2 Qe7 $10) 18. Be3 Nxc3 19. Qxc3 Ne6 20. Qc2 g6 21. b5
f4 22. Bf2 Qe7 $10 23. Rab1 Rac8 24. bxc6 bxc6 (24... Rxc6 $6 25. Qb3 $16) 25.
Rb4 g5 26. h3 Rc7 27. a4 Be8 (27... Qf7 $5 {/\ Bg6}) 28. a5 Bd7 29. Reb1 Bc8
30. Rb8 Qg7 31. Qe2 h5 32. Kh1 $1 Rcf7 33. Rg1 g4 $6 34. Bh4 $1 (34. fxg4 $2 f3
$1 35. gxf3 Rxf3 36. gxh5 Rxh3#) 34... Nxc5 35. Bb1 Ne6 $6 (35... Be6 36. Bf6
Qh6 37. Rxf8+ Qxf8 38. Qc2 $16) 36. Bf6 Qh6 37. fxg4 Nd4 38. Qd3 $18 hxg4 (
38... Ne6 39. Qg6+ Qxg6 40. Bxg6) (38... c5 39. g5 $18) 39. Qxd4 f3 40. Rxc8 $1
fxg2+ (40... Rxc8 41. Qxg4+ Kf8 42. Qxc8#) 41. Rxg2 Qxh3+ 42. Kg1 Rxc8 43.
Rxg4+ (43. Rxg4+ Kf8 44. Qc5+ Ke8 45. Rg8+ Kd7 46. Qd6#) 1-0

[Event "Biel GM"]
[Site "Biel"]
[Date "2007.08.01"]
[Round "8"]
[White "Grischuk, Alexander"]
[Black "Polgar, Judit"]
[Result "1/2-1/2"]
[WhiteElo "2726"]
[BlackElo "2707"]
[Annotator "ChessBase"]
[PlyCount "143"]
[EventDate "2007.07.23"]
[EventType "tourn"]
[EventRounds "9"]
[EventCountry "SUI"]
[EventCategory "18"]
[SourceTitle "CBM 120"]
[Source "ChessBase"]
[SourceDate "2007.10.02"]
[SourceVersion "1"]
[SourceVersionDate "2007.10.02"]
[SourceQuality "1"]

1. e4 e5 2. Nf3 Nf6 3. Nxe5 d6 4. Nf3 Nxe4 5. d4 d5 6. Bd3 Nc6 7. O-O Be7 8. c4
Nb4 9. cxd5 Nxd3 10. Qxd3 Qxd5 11. Re1 Bf5 12. Ne5 Nd6 13. Nc3 Qa5 14. Qe2 O-O
15. b4 Qa6 16. Qxa6 bxa6 17. Nd5 Bd8 18. Nc6 Be6 19. Nde7+ Bxe7 20. Nxe7+ Kh8
21. d5 Rae8 22. Bg5 h6 23. dxe6 hxg5 24. exf7 Rxf7 25. Nc6 Rxe1+ 26. Rxe1 Rf4
27. Rc1 g4 28. g3 Re4 29. Kf1 a5 30. bxa5 Ra4 31. Nxa7 Rxa5 32. Nc6 Rxa2 33.
Ne5 Ra4 34. Rxc7 Ne4 35. Kg2 Nf6 36. Nf7+ Kh7 37. Ng5+ Kh6 38. Ne6 Ra2 39. Nxg7
Kg6 40. Ne6 Nd5 41. Rc1 Rd2 42. Re1 Kf5 43. Re2 Rd1 44. Nc5 Nf6 45. h3 gxh3+
46. Kxh3 Rd4 47. Kg2 Rd6 48. f3 Rd4 49. Ne4 Nd5 50. Rd2 Rxd2+ 51. Nxd2 Kg5 52.
Kf2 Kf5 53. Nc4 Nb4 54. Ke2 Nc6 55. Ke3 Ne7 56. Nb2 Nd5+ 57. Kf2 Nf6 58. Nd3
Kg5 59. f4+ Kg4 60. Ne5+ Kh3 {[%mdl 4096] Grischuk had played strongly and of
course should have decided the endgame in his favour. However there is only
one winning move at this point, which looks les logical than the move in the
game. When you consider that there was probably only the incremental time per
move remaining, the mistake can be excused. However this is hardly the case
for players above 2700 and Grischuk was very unhappy with his own mistake.
Grischuk hatte eine starke Partie gespielt und natürlich hätte er auch das
Endspiel für sich entscheiden müssen. Allerdings gewinnt an dieser Stelle nur
ein Zug, der zudem unlogischer als der Partiezug aussieht. Wenn man bedenkt,
dass sicher nur noch das Inkrement pro Zug zur Verfügung stand, so ist der
Fehler entschuldbar. Allerdings gilt dies wohl nicht für Spieler oberhalb von
2700 und Grischuk haderte deshalb sehr mit seiner eigenen Fehlleistung.} 61.
Kf3 $2 (61. f5 $1 $18) 61... Ng4 $1 62. Nd3 (62. Nxg4 {Stalemate/Patt}) 62...
Nh2+ $1 63. Ke4 Ng4 64. Ne5 Nf6+ 65. Kf3 Ng4 $1 66. Nc4 Nh2+ $1 67. Ke4 Nf1 $1
68. Ne3 Nxg3+ 69. Ke5 Kh2 70. Kd6 Nh5 71. f5 Ng7 72. f6 1/2-1/2

[Event "Moscow"]
[Site "Moscow"]
[Date "1986.??.??"]
[Round "?"]
[White "Smagin, Sergey"]
[Black "Arkhipov, Sergey"]
[Result "1-0"]
[WhiteElo "2500"]
[BlackElo "2545"]
[Annotator "ChessBase"]
[PlyCount "81"]
[EventDate "1986.03.??"]
[EventType "tourn"]
[EventRounds "13"]
[EventCountry "URS"]
[EventCategory "11"]
[SourceTitle "MCL"]
[Source "ChessBase"]
[SourceDate "1999.07.01"]
[SourceVersion "1"]
[SourceVersionDate "1999.07.01"]
[SourceQuality "1"]

1. e4 e5 2. Nf3 Nf6 3. Nxe5 d6 4. Nc4 Nxe4 5. d4 d5 6. Ne3 c6 7. Nd2 Nxd2 8.
Bxd2 Be6 (8... Nd7 9. Qe2 $1 Qe7 10. O-O-O Nf6 11. Bb4 $1 Qe6 12. Bxf8 Kxf8 13.
f3 $16) 9. Bd3 Be7 (9... Nd7 $142) 10. f4 $1 Na6 (10... O-O 11. f5 Bc8 12. Qh5
$36) 11. O-O Qb6 12. c3 O-O-O 13. b4 $16 Nc7 14. a4 a6 15. Qf3 Rde8 (15... g6
$142) 16. b5 $1 a5 (16... axb5 17. axb5 cxb5 18. f5 $18) 17. bxc6 (17. Rfb1 c5
$1 $132) 17... Qxc6 18. Rfb1 g6 19. Bb5 Nxb5 20. axb5 (20. Rxb5 $142 $18) 20...
Qb6 21. f5 $1 (21. Nxd5 Bxd5 22. Qxd5 f5 $1 $14) 21... gxf5 22. Nxd5 Bxd5 23.
Qxd5 Qe6 24. Qf3 (24. Qxe6+ fxe6 25. Rxa5 $16) 24... Bd8 25. b6 Qe4 (25... Bxb6
26. Rxa5 $1) 26. Qf1 Rhg8 27. Rb5 (27. Rxa5 $2 Rxg2+ $1 28. Qxg2 Qxb1+ 29. Kf2
Bh4+ $19) 27... Re6 28. Re1 Qg4 29. Rc5+ Kd7 30. Rd5+ Rd6 31. Rxd6+ Kxd6 32. g3
Rg6 33. Qb5 $18 Qf3 34. Qe5+ Kd7 35. Bf4 Re6 36. Qxf5 Qxc3 37. Qxf7+ Re7 38.
Qd5+ Ke8 39. Qg8+ Kd7 40. Qd5+ Ke8 41. Qb5+ (41. Qb5+ Kf7 42. Qh5+ Kg8 43. Qd5+
Kg7 44. Rf1 Qc8 45. Bh6+ $18) 1-0

[Event "URS-chT Republics 16th final A"]
[Site "Moscow"]
[Date "1983.07.23"]
[Round "2"]
[White "Tal, Mihail"]
[Black "Karpov, Anatoly"]
[Result "1/2-1/2"]
[WhiteElo "2620"]
[BlackElo "2710"]
[Annotator "ChessBase"]
[PlyCount "48"]
[EventDate "1983.07.23"]
[EventType "team-tourn"]
[EventRounds "5"]
[EventCountry "URS"]
[SourceTitle "EXT 2020"]
[Source "ChessBase"]
[SourceDate "2019.10.17"]
[SourceVersion "1"]
[SourceVersionDate "2019.10.17"]
[SourceQuality "1"]
[WhiteTeam "Latvia"]
[BlackTeam "Moscow"]
[WhiteTeamCountry "LAT"]
[BlackTeamCountry "RUS"]

1. e4 e5 2. Nf3 Nf6 3. Nxe5 d6 4. Nf3 Nxe4 5. d4 d5 6. Bd3 Be7 7. O-O Nc6 8.
Re1 Nf6 9. c4 Bg4 10. cxd5 Nxd5 11. Nc3 O-O 12. Be4 Be6 13. Qc2 h6 14. Bh7+ Kh8
15. Bf5 Bxf5 16. Qxf5 Nf6 17. Bf4 Bd6 18. Be5 Ne7 19. Qh3 Ng6 20. Rad1 Re8 {[#]
} (20... Be7 21. Nh4 Nxh4 22. Qxh4 Re8 23. h3) (20... Kg8) 21. Re3 $6 (21. Ne4
$14 Be7 22. Nh4 Nxh4 23. Qxh4 Kg8 24. Qg3 $14 c6) 21... Kg8 22. Qg3 Nh5 $11 23.
Qg4 Nf6 24. Qg3 Nh5 1/2-1/2

[Event "Moscow-4teams"]
[Site "Moscow"]
[Date "1981.02.25"]
[Round "3.1"]
[White "Kasparov, Garry"]
[Black "Karpov, Anatoly"]
[Result "1/2-1/2"]
[WhiteElo "2625"]
[BlackElo "2690"]
[Annotator "ChessBase"]
[PlyCount "81"]
[EventDate "1981.02.22"]
[EventType "team"]
[EventRounds "6"]
[EventCountry "URS"]
[SourceTitle "MCL"]
[Source "ChessBase"]
[SourceDate "1999.07.01"]
[SourceVersion "1"]
[SourceVersionDate "1999.07.01"]
[SourceQuality "1"]
[WhiteTeam "Soviet Union U26"]
[BlackTeam "Soviet Union"]
[WhiteTeamCountry "URS"]
[BlackTeamCountry "URS"]

1. e4 e5 2. Nf3 Nf6 3. Nxe5 d6 4. Nf3 Nxe4 5. d4 Be7 6. Bd3 d5 7. O-O Nc6 8.
Re1 Bf5 {Adorjan-Hübner/1980/} (8... Bg4 9. c4 Nf6 10. cxd5 Nxd5 11. Nc3 $14)
9. Nbd2 (9. c4 Nb4 10. cxd5 $2 Nxf2 $1) (9. Nc3) (9. a3) (9. c4 Nb4 10. Bf1 $1
$36 {Karpov-Portisch/1982/}) 9... Nxd2 10. Qxd2 Bxd3 11. Qxd3 O-O 12. c3 Qd7
13. Bf4 $14 a6 (13... Rfe8 14. h3 a6 15. Re3 Bd6 16. Ng5 g6 17. Bxd6 Rxe3 18.
Qxe3 Qxd6 19. Re1 $14 {Adorjan-Hübner/1980/}) 14. Re3 Rae8 15. Rae1 Bd8 16. h3
Rxe3 17. Rxe3 (17. Qxe3 Qf5 $1) 17... f6 (17... Re8 18. Qf5 $1 Re6 19. h4 g6
20. Qh3 Qe8 21. Rxe6 Qxe6 22. Qxe6 fxe6 23. Ng5 $16) 18. Re2 Rf7 (18... Ne7 {>=
} 19. b3 c6 (19... Qf5 20. Qxf5 Nxf5 21. g4 $1) 20. c4 Qf5 21. Qe3 $1) 19. Nd2
$1 Be7 (19... Re7 20. Nb3 Rxe2 21. Qxe2 Be7 22. Qg4 Qxg4 23. hxg4 Bd6 24. Bxd6
cxd6 {+/-/+/=}) 20. Nf1 Bf8 21. Qf3 Re7 $2 $16 (21... Nd8 22. Ne3 c6 {+/=/=}
23. Bg3 Ne6 (23... Re7 24. Rd2 Re4 $6 25. c4 $1 Nf7 (25... Ne6 26. cxd5 cxd5
27. Qf5) 26. cxd5 cxd5 27. Qh5 $1) 24. h4 Re7 25. Rd2) 22. Ne3 {/\ 23.Kf1 24.
Nd5} Nd8 $8 23. Bxc7 $1 Qxc7 24. Nxd5 Qd6 (24... Rxe2 25. Nxc7 Re1+ 26. Kh2
Bd6+ 27. g3 Bxc7 28. Qf5 $16) 25. Nxe7+ Bxe7 26. Qe4 Bf8 27. Qe8 $6 (27. c4 $1
b6 (27... Nc6 28. Qe6+ Qxe6 29. Rxe6 Nxd4 30. Rb6) 28. g3 Nf7 29. Kg2 g6 30.
Rc2 f5 31. Qf4 Qc6+ 32. Qf3) 27... g6 28. a4 $6 Kg7 29. b4 $6 Qc7 30. Re3 Nf7
31. Qe6 Qd8 32. a5 h5 $1 33. Qe4 Qd7 34. Qe6 Qd8 35. Kf1 (35. Re1 Bd6 (35...
Nh6 $2 36. Qb6 $1 Qd5 37. c4 $1 Qxc4 38. Qxb7+ Nf7 39. b5 $1) (35... Qc7 $1 $10
) 36. c4 Bxb4 37. Rb1 Qxa5 38. c5 Qb5 39. Rb3 a5 40. Rf3 Qc6 41. Rxf6 Qxe6 42.
Rxe6 $10) 35... Nh6 36. g4 hxg4 37. hxg4 Nf7 38. Ke2 Ng5 39. Qb6 Qd7 40. Kd3
Bd6 41. Kc2 (41. Kc2 Bf4 42. Re2 Qd5 $6 43. Re7+ Kh6 44. Qxb7 $16) 1/2-1/2

[Event "Dortmund SuperGM 26th"]
[Site "Dortmund"]
[Date "1998.06.27"]
[Round "2"]
[White "Anand, Viswanathan"]
[Black "Jussupow, Artur"]
[Result "1/2-1/2"]
[WhiteElo "2770"]
[BlackElo "2630"]
[Annotator "ChessBase"]
[PlyCount "128"]
[EventDate "1998.06.26"]
[EventType "tourn"]
[EventRounds "9"]
[EventCountry "GER"]
[EventCategory "18"]
[SourceTitle "CBM 066"]
[Source "ChessBase"]
[SourceDate "1998.09.30"]
[SourceVersion "1"]
[SourceVersionDate "1998.09.30"]
[SourceQuality "1"]

1. e4 e5 2. Nf3 Nf6 3. Nxe5 d6 4. Nf3 Nxe4 5. d4 d5 6. Bd3 Nc6 7. O-O Be7 8. c4
Nf6 9. h3 Nb4 10. Be2 dxc4 11. Bxc4 O-O 12. Nc3 c6 13. Re1 Nbd5 14. Qb3 Nb6 15.
Bd3 Be6 16. Qc2 h6 17. Bd2 Nbd5 18. a3 Nxc3 19. bxc3 c5 20. Rxe6 $1 fxe6 21.
Re1 Qd6 22. Bc4 Nd5 23. Qe4 Rad8 24. dxc5 Qxc5 25. Bxh6 Rxf3 (25... gxh6 $2 26.
Qg6+ Kh8 27. Qxh6+ Kg8 28. Qg6+ Kh8 29. Re5 $18) 26. gxf3 gxh6 27. Qxe6+ Kf8
28. Re5 Rd6 29. Qxe7+ Nxe7 30. Rxc5 Rd1+ 31. Kg2 Ra1 32. Ra5 Nc6 33. Rb5 Rxa3
34. Rxb7 Rxc3 35. Bd5 Ne7 36. Be4 a5 37. Rb5 a4 38. Kg3 a3 39. Ra5 Kg7 40. Kf4
Ng6+ 41. Kg4 Ne7 42. Ra6 Rc5 43. h4 Ng8 44. Ra7+ Kf6 45. Kf4 Rc3 46. Ra6+ Kg7
47. Ke5 Rc5+ 48. Ke6 Rc7 49. Rxa3 Re7+ 50. Kd6 Re8 51. Bc6 Re2 52. Ra7+ Kf6 53.
Be4 Rd2+ 54. Bd5 h5 55. Kc5 Ne7 56. Be4 Rxf2 57. Ra6+ Kf7 58. Rh6 Ng8 59. Rh7+
Kf8 60. Rxh5 Nf6 61. Rf5 Ke7 62. Bd3 Rh2 63. Rf4 Ke6 64. Kd4 Rd2 1/2-1/2

[Event "Interzonal-13c playoff place 4"]
[Site "Biel"]
[Date "1985.08.04"]
[Round "7"]
[White "Van der Wiel, John"]
[Black "Short, Nigel D"]
[Result "1-0"]
[WhiteElo "2520"]
[BlackElo "2575"]
[Annotator "ChessBase"]
[PlyCount "67"]
[EventDate "1985.07.27"]
[EventType "tourn"]
[EventRounds "9"]
[EventCountry "SUI"]
[EventCategory "12"]
[SourceTitle "IZT"]
[Source "ChessBase"]
[SourceDate "1999.07.01"]
[SourceVersion "1"]
[SourceVersionDate "1999.07.01"]
[SourceQuality "1"]

1. e4 e5 2. Nf3 Nf6 3. Nxe5 d6 4. Nf3 Nxe4 5. d4 d5 6. Bd3 Be7 7. O-O Nc6 8. c4
Nb4 9. cxd5 Nxd3 10. Qxd3 Qxd5 11. Re1 Bf5 12. Nc3 Nxc3 13. Qxc3 Be6 14. Re5
Qc6 15. Qe1 O-O-O 16. Bg5 Bxg5 17. Rxg5 Bd5 18. Ne5 Qb6 19. Rxg7 Rhg8 20. Rg3
Qxb2 21. Rd1 Rxg3 22. hxg3 Bxa2 23. Qa5 Kb8 24. Nd3 Qb3 25. Rc1 b6 26. Qe5 Rc8
27. Nf4 Qb2 28. Rc6 Kb7 29. Kh2 $5 Qxf2 (29... Kxc6 30. d5+ $18) (29... Qd2 30.
Qe4 f5 $19) 30. Nd3 Qd2 31. Qe4 {[#]} Kb8 $4 (31... f5 $142 $1 32. Qf3 Kb8 33.
Ne5 Rd8 $19 {Van der Wiel} (33... Qxd4 $19 {Nunn})) 32. Ne5 Rd8 33. Nd7+ Kc8 {
[#]} 34. Rd6 $1 (34. Rd6 cxd6 35. Qc6#) 1-0

[Event "Reggio Emilia-A 8889 31st"]
[Site "Reggio Emilia"]
[Date "1988.??.??"]
[Round "?"]
[White "Ivanchuk, Vassily"]
[Black "Anand, Viswanathan"]
[Result "0-1"]
[WhiteElo "2625"]
[BlackElo "2555"]
[Annotator "ChessBase"]
[PlyCount "36"]
[EventDate "1988.12.??"]
[EventType "tourn"]
[EventRounds "9"]
[EventCountry "ITA"]
[EventCategory "14"]
[SourceTitle "CBM 011"]
[Source "ChessBase"]
[SourceDate "1989.08.01"]
[SourceVersion "1"]
[SourceVersionDate "1989.08.01"]
[SourceQuality "1"]

1. e4 e5 2. Nf3 Nf6 3. Nxe5 d6 4. Nf3 Nxe4 5. d4 d5 6. Bd3 Be7 7. O-O Nc6 8.
Re1 Bg4 9. c3 f5 10. Qb3 Qd6 (10... O-O 11. Nfd2 $2 Nxf2 12. Kxf2 Bh4+ 13. g3 (
13. Kf1 Bxe1 14. Kxe1 Qh4+ 15. Kf1 Rae8 $19) 13... f4 $1 14. Kg2 (14. gxh4
Qxh4+ 15. Kf1 f3 $1) (14. Kg1 fxg3 15. h3 Bxh3 16. Be4 g2 17. Qxd5+ Kh8 18.
Qxd8 Raxd8 19. Rd1 Bg4 20. Bc2 Rde8 $19) 14... fxg3 15. hxg3 (15. Be4 Bh3+ $1
16. Kg1 gxh2+ 17. Kxh2 Qd6+ 18. Kh1 Bxe1 19. Qxd5+ Qxd5 20. Bxd5+ Kh8 21. Nf3
Bg3 22. Ng1 Bf1 23. Nd2 Rae8 24. Ne4 Rxe4 25. Bxe4 Rf2 26. Nf3 Bg2+ 27. Kg1
Bxf3 28. Bxf3 Rxf3 {0-1  Ljubojevic,L-Makarichev/Amsterdam/1975/})) 11. Nfd2 $5
O-O-O 12. f3 Bh4 13. Rf1 Bh3 (13... Bf2+ 14. Rxf2 Nxf2 15. Kxf2 Qxh2 16. Nf1
Qh4+ 17. g3 $18) (13... Bh5 14. fxe4 fxe4 15. Bxe4 $1 (15. Nxe4 $6 dxe4 16.
Bxe4 Rhf8 17. Rxf8 Rxf8 18. Be3 Qf6 $13) 15... dxe4 16. Nxe4 Qg6 17. Nc5 b6 18.
Qe6+ $18) 14. Qc2 Qg6 15. Nb3 Rhf8 16. Na3 Rde8 17. Kh1 $4 (17. Bf4 $1 Bg5 18.
Bxg5 Nxg5 19. gxh3 Nxh3+ 20. Kh1 Nf4 21. Rae1 $18) 17... Nf2+ 18. Rxf2 Bxg2+
0-1